000 00990nam a22002177a 4500
999 _c61567
_d61567
003 Ge_BSU
005 20240325164613.0
008 240325s2016 ge ||||| |||| 00| 0 geo d
020 _a9789941090110
041 _ageo
080 _a005(075.8) კ-57
100 _aკიწმარიშვილი, ქეთევან, ავტორი.
_921575
245 _aინოვაციური მენეჯმენტი :
_b(სახელმძღვანელო) /
_cქეთევან კიწმარიშვილი ; რედ. ზაირა ღუდუშაური.
264 _aთბილისი,
_c2016.
300 _a284 გვ. :
_b ნახ., ცხრ. ;
_c 20 სმ.
504 _aბიბლიოგრ. : გვ. 283-284.
653 _aმენეჯმენტი
700 _aღუდუშაური, ზაირა
_eრედაქტორი
_921576
773 _tნაჩუქარი
942 _2udc
_cᲬᲘᲒᲜᲘ